| 000 | 00512nam a2200193Ia 4500 | ||
|---|---|---|---|
| 005 | 20250508150328.0 | ||
| 008 | 008 250505s9999 xx 000 0 eng d | ||
| 037 | _aTextual | ||
| 040 |
_aFEDL _beng _cFEDL |
||
| 041 |
_aeng _2eng |
||
| 084 |
_a170, MAC _qFEDL |
||
| 100 | _aMackenzie John S. | ||
| 245 | 0 | _aManual of ethics | |
| 260 |
_aLondon, UK _bUniversity Tutorial Press Ltd. _c1929 |
||
| 300 | _axii,426p. | ||
| 650 | _aEthics | ||
| 942 |
_cTEXL _h170, MAC |
||
| 999 |
_c1323026 _d1323026 |
||